Reine de France : Marie-Antoinette - Statistiques

Statistiques générales
  • Ce quiz a été pris 391 fois
  • Le résultat moyen est 10 sur 18
Statistiques - réponses
Questions Réponses % Correct
Pays d'origine de Marie-Antoinette. L'Autriche
99%
Époux de Marie-Antoinette. Louis XVI
94%
Compositeur enfant-prodige que Marie-Antoinette rencontra lorsqu'elle fut elle-même enfant. Wolfgang Amadeus Mozart
91%
Engin qui servit à l'exécution de Marie-Antoinette après un procès sommaire de deux jours. La guillotine
79%
Boutade cynique attribuée à Marie-Antoinette depuis 1931, qu'elle n'a jamais prononcée (apocryphe) mais qui figure dans les Confessions de Jean-Jacques Rousseau à travers le personnage d'une princesse (publiées en 1782) : "S’ils n’ont pas de pain, qu'ils mangent de la ______ ! » Brioche
78%
Domaine du parc du château de Versailles offert à Marie-Antoinette par son époux. La reine en a fait un univers personnel et intime, loin des fastes de la cour. Le Petit Trianon
77%
Complétez cette réponse de la reine Marie-Antoinette au Tribunal révolutionnaire qui l'accusait d'inceste sur son fils, prétendant qu'on l'a surprise en train de lui faire des attouchements. "La nature elle-même refuse de répondre à une telle accusation faite à une ___. J'en appelle à toutes celles qui peuvent se trouver ici." Mère
75%
Affaire d'escroquerie dans laquelle Marie-Antoinette est impliquée malgré elle et dont elle était innocente. L'Affaire du collier
67%
Impératrice des Français qui tint à ce qu'une exposition soit consacrée à Marie-Antoinette pendant l'Exposition universelle de 1867. Eugénie de Montijo
62%
Mère de Marie-Antoinette. Marie-Thérèse
59%
Nom du village qu'elle y fit construire et où elle installe des fermiers : "le _____ de la Reine". Hameau
53%
Prison dans laquelle Marie-Antoinette est retenue prisonnière par les Républicains, tout comme sa famille - bien qu'elle y fût séparée d'elle - à partir du 25 octobre 1792. La Prison du Temple
43%
Palais dans lesquels Marie-Antoinette passa son enfance. Schönbrunn
33%
Dramaturge, metteur en scène et réalisateur français, auteur du film "Si Versailles m'était conté" sorti en 1953, dans lequel Marie-Antoinette est interprétée par Lana Marconi. Sacha Guitry
20%
Palais dans lesquels Marie-Antoinette passa son enfance. La Hofburg
17%
Bande dessinée créée par Edgar Pierre Jacobs qui s'est inspiré de l'affaire précédente pour le titre un de ses albums. Blake et Mortimer
9%
Journaliste révolutionnaire radical à l'origine des accusations calomnieuses portées contre la reine, évoquées à la question précédente. Jacques-René Hébert
8%
Réalisateur du film biographique sorti en 1990, film qui retrace les derniers jours de Marie-Antoinette (interprétée par Ute Lemper) de son procès à son exécution. Le titre du film fait référence au pays d'origine de la reine (réponse #1). Ce réalisateur est également connu pour "Le Chat" et "La Métamorphose des cloportes". Pierre Granier-Deferre
8%
Aucun quiz correspondant
Distribution des résultats
% des personnes avec chaque résultat
Percentile par nombre de réponses
Votre historique - résultats
Vous n’avez pas pris ce quiz